00808nam a2200205 a 450000100100000000500170001000800410002704000250006808200160009310000480010924500810015726000360023830000360027450000740031050400370038470000410042104900090046295201140047199900170058500001608320200929164251.0100225s199? dr ad 000 0 spa d aDO-SdBNPbspacBNPHU axxxxbS218d1 aSandoval y González, Héctor Ant.93606510aDibujo /cHéctor Ant. Sandoval y González, José Dolores Lara Precinal. aSanto Domingo :bEdipeca,c199? a165 p. :bil., diagr. ;c21 cm. aA corde con el programa para el 1er año de bachillerato tradicional aIncluye bibliografías (p. 165) aLara Precinal, José Dolores936066 aBNPD 0010718PDaPDbPDcCTd2010-02-25iLF1l0oxxxx S218dp16083-10r2020-06-25w2020-06-25yLFPDZNo se presta c15624d15624